Normal view
MARC view
- Muhammad Mian, Syed Syed Muhammad Mian
Entry Personal Name
001 - CONTROL NUMBER
- control field: 79510
003 - CONTROL NUMBER IDENTIFIER
- control field: NUST
005 - DATE AND TIME OF LATEST TRANSACTION
- control field: 20210628210452.0
008 - FIXED-LENGTH DATA ELEMENTS
- fixed length control field: 210628|| aca||aabn | a|a d
040 ## - CATALOGING SOURCE
- Original cataloging agency: NUST
- Transcribing agency: NUST
100 ## - HEADING--PERSONAL NAME
- Personal name: Muhammad Mian, Syed Syed Muhammad Mian
670 ## - SOURCE DATA FOUND
- Source citation: Work cat.: (NUST): Muhammad Mian, Syed Syed Muhammad Mian, Sahaba-e-karam ka aehad-e-zarian misaali hakoomtain, 1999
